000 00599nam a2200253Ia 4500
008 160321s9999||||xx |||||||||||||| ||und||
040 _cEnglish
082 _aXI.A/Howard
082 _bBORI-54889
100 _aPeter Howard
245 4 _aThe World Rebuilt
300 _a225
300 _cA
300 _ePaperback
530 _u00000663.pdf
563 _aStudy
600 _aPeter Howard
630 _aThe World Rebuilt
650 _a"Politics ,History + Histography"
650 _aGeneral Indology
700 _aPeter Howard
730 _aThe World Rebuilt
942 _cBOOK
999 _c1365330
_d1365327